[Event "Stuttgart-chB int"]
[Site "Ditzingen"]
[Date "2014.05.29"]
[Round "1"]
[White "Bannach, Joerg"]
[Black "Tsybulevsky, Juri"]
[Result "1-0"]
[WhiteElo "1863"]
[BlackElo "1676"]
[PlyCount "59"]
[EventDate "2014.05.29"]
[EventType "swiss"]
[EventRounds "7"]
[EventCountry "GER"]
[SourceTitle "EXT 2015"]
[Source "ChessBase"]
[SourceDate "2014.11.20"]
[SourceVersion "1"]
[SourceVersionDate "2014.11.20"]
[SourceQuality "1"]

1. e4 Nc6 2. Nf3 e6 3. d4 d5 4. e5 f5 5. b3 Bb4+ 6. c3 Ba5 7. a4 a6 8. Ba3 Nge7 9. Ng5 Ng8 10. Nf3 Nce7 11. b4 Bb6 12. Be2 Nh6 13. Bc1 Nf7 14. Ng5 Ng6 15. Nxf7 Kxf7 16. Bh5 Qh4 17. 0-0 Rf8 18. g3 Qd8 19. Nd2 Kg8 20. Nf3 c6 21. Qd2 Qe7 22. b5 Rd8 23. a5 Ba7 24. b6 Bb8 25. Bxg6 hxg6 26. Ba3 Qf7 27. Ng5 Qe8 28. Qf4 Bd6 29. Bxd6 Rxd6 30. exd6 1-0